US States ending in vowels - Statistics

General Stats
  • This quiz has been taken 58 times
  • The average score is 30 of 32
Answer Stats
Answer % Correct
Alaska
100%
Hawaii
100%
Arizona
98%
California
98%
Georgia
98%
North Dakota
98%
Ohio
98%
South Dakota
98%
Alabama
95%
Idaho
95%
Louisiana
95%
Mississippi
95%
Montana
95%
Nevada
95%
Delaware
93%
Florida
93%
Indiana
93%
Iowa
93%
North Carolina
93%
South Carolina
93%
Tennessee
93%
Maine
91%
Missouri
91%
New Hampshire
91%
Colorado
89%
Nebraska
89%
Virginia
89%
Minnesota
86%
New mexico
86%
Pennsylvania
86%
West Virginia
86%
Oklahoma
84%
No matching quizzes found
Score Distribution
Percent of People with Each Score
Percentile by Number Answered
Your Score History
You have not taken this quiz